Europe and the Multinationals / Issues and Responses for the 1990s (Record no. 1273)
[ view plain ]
| 000 -LEADER | |
|---|---|
| fixed length control field | 01516cam a22002174a 4500 |
| 005 - ΗΜΕΡΟΜΗΝΙΑ ΚΑΙ ΩΡΑ ΤΕΛΕΥΤΑΙΑΣ ΕΝΗΜΕΡΩΣΗΣ | |
| Πεδίο ελέγχου | 20250605164003.0 |
| 008 - FIXED-LENGTH DATA ELEMENTS--GENERAL INFORMATION | |
| Πεδίο ελέγχου σταθερού μήκους | 250528s ||||||||||||||||||||||||d |
| 035 ## - SYSTEM CONTROL NUMBER | |
| System control number | 15717 |
| 020 ## - ISBN | |
| ISBN | 1852785349 |
| 040 ## - ΠΗΓΗ ΚΑΤΑΛΟΓΟΓΡΑΦΗΣΗΣ | |
| Φορέας πρωτότυπης καταλογογράφησης | MC Athens Campus Library |
| Γλώσσα καταλογογράφησης | Ελληνικά, Μοντέρνα (1453-) |
| Modifying agency | MC Athens Campus Library |
| Κανόνες περιγραφικής καταλογογράφησης | AACR2 |
| 245 1# - ΤΙΤΛΟΣ ΚΑΙ ΔΗΛΩΣΗ ΥΠΕΥΘΥΝΟΤΗΤΑΣ | |
| Τίτλος | Europe and the Multinationals / Issues and Responses for the 1990s |
| 260 ## - PUBLICATION, DISTRIBUTION, ETC. | |
| Date of publication, distribution, etc. | 1992 |
| 300 ## - PHYSICAL DESCRIPTION | |
| Extent | 322 |
| 520 ## - SUMMARY, ETC. | |
| Summary, etc. | Foreword, European Business and Environments, European Business and Environments in the 1990s, Industria Dynamics in Europe, Will There Be a European Food Processing Industry?, The Computer Industry and the European Community: Issues and Responses in the 1990s, Competitive Dynamics in the World Machine Tool Industry: Battleground UK, Industry Dynamics in Europe: The Motor Industry, Market Entry and Development Modes, Cross-Border Mergers and Acquisitions and Alliances in Europe, Foreign Market Servicing Strategies of UK Retail Financial Service Firms in Continental Europe, Nationality of Ownership Dimensions, The Impact of Japanese Manufacturing Investment on European Industry, The Internationalization of the South Korean and Taiwanese Electronic Industries: The European Dimension, Organization and Human Resource Management Perspectives, Internationalization of the Second Degree: The Emergence of European-Based Centres in Swedish Firms, References, Index. |
| 700 1# - ΠΡΟΣΘΕΤΗ ΑΝΑΓΡΑΦΗ--ΦΥΣΙΚΟ ΠΡΟΣΩΠΟ | |
| Personal name | Edward Arnold |
| 9 (RLIN) | 242 |
| 700 1# - ΠΡΟΣΘΕΤΗ ΑΝΑΓΡΑΦΗ--ΦΥΣΙΚΟ ΠΡΟΣΩΠΟ | |
| Personal name | Hamill James |
| 9 (RLIN) | 1683 |
| 700 1# - ΠΡΟΣΘΕΤΗ ΑΝΑΓΡΑΦΗ--ΦΥΣΙΚΟ ΠΡΟΣΩΠΟ | |
| Personal name | Young Stephen |
| 9 (RLIN) | 1684 |
| 942 ## - ADDED ENTRY ELEMENTS (KOHA) | |
| Koha item type | Books |
| Τύπος τεκμηρίου | Βιβλιοθήκη | Τρέχουσα τοποθεσία | Barcode | Αριθμός εισαγωγής | Ημερομηνία απόκτησης | Ταξιθετικό σύμβολο | Αριθμός αντιτύπου | Κατάσταση απόσυρσης | Κατάσταση χαμένου | Κατάσταση κατεστραμμένου | Μη δανεισμός | Σύνολο δανεισμών | Ημερομηνία τελευταίας εμφάνισης | Η τιμή ισχύει από |
|---|---|---|---|---|---|---|---|---|---|---|---|---|---|---|
| Books | MC Athens Campus Library | MC Athens Campus Library | 9780000012722 | 2074 | 05/06/2025 | 338.8/884 YOU | 1 | 05/06/2025 | 05/06/2025 |